000 00679nam a2200277Ia 4500
005 20260121124526.0
008 008 260114s9999 xx 000 0 eng d
020 _a9780226569734
037 _aEBOOK
040 _aCRL
040 _beng
040 _cCRL
041 _2eng
041 _aeng
084 _qCRL
100 _aLysaker, John T.
_9977484
245 0 _aPhilosophy, Writing, and the Character of Thought
260 _bWalter de Gruyter
260 _bWalter de Gruyter
260 _c2018
650 _aPhilosophy
_9977485
856 _uhttp://www.degruyter.com/isbn/9780226569734
942 _cEBOOK
999 _c1555240
_d1555240